Critical Appraisal of Epidemiological Studies and Clinical Trials (Record no. 43812)

MARC details
001 - CONTROL NUMBER
control field 0000
003 - CONTROL NUMBER IDENTIFIER
control field 0000
005 - DATE AND TIME OF LATEST TRANSACTION
control field 20251015153254.0
020 ## - INTERNATIONAL STANDARD BOOK NUMBER
International Standard Book Number 9780198911258
040 ## - CATALOGING SOURCE
Description conventions rda
050 ## - LIBRARY OF CONGRESS CALL NUMBER
Classification number RA 652.2 .E49
100 ## - MAIN ENTRY--PERSONAL NAME
Personal name Elwood, Mark
245 ## - TITLE STATEMENT
Title Critical Appraisal of Epidemiological Studies and Clinical Trials
Statement of responsibility, etc Mark Elwood
250 ## - EDITION STATEMENT
Edition statement 2nd ed.
264 ## - PUBLICATION, DISTRIBUTION, ETC. (IMPRINT)
Place of publication, distribution, etc Oxford
Name of publisher, distributor, etc Oxford University Press
Date of publication, distribution, etc 2025
300 ## - PHYSICAL DESCRIPTION
Extent xiii, 523p.ill.
336 ## - CONTENT TYPE
Source rdacontent
338 ## - CARRIER TYPE
Source rdacarrier
504 ## - BIBLIOGRAPHY, ETC. NOTE
Bibliography, etc Includes Index
650 ## - SUBJECT ADDED ENTRY--TOPICAL TERM
Source of heading or term
Topical term or geographic name as entry element
651 ## - SUBJECT ADDED ENTRY--GEOGRAPHIC NAME
Source of heading or term
Form subdivision Medical statistics.
942 ## - ADDED ENTRY ELEMENTS (KOHA)
Source of classification or shelving scheme Library of Congress Classification
Koha item type Books
Holdings
Withdrawn status Lost status Source of classification or shelving scheme Damaged status Not for loan Permanent Location Current Location Date acquired Total Checkouts Full call number Barcode Date last seen Price effective from Koha item type
    Library of Congress Classification     NILE UNIVERSITY OF NIGERIA - MAIN LIBRARY NILE UNIVERSITY OF NIGERIA - MAIN LIBRARY 10/15/2025   RA 652.2 .E49 2025 0199171 10/15/2025 10/15/2025 Books